000 00592nam a2200241Ia 4500
003 OSt
005 20221007074226.0
006 a|||||r|||| 00| 0
007 ta
008 221006b |||||||| |||| 00| 0 eng d
024 _a13,898
037 _cTextual
040 _aFLL
_cFLL
_beng
041 _2eng
_aeng
082 _aX:3M24, L4.1
100 _aMarx Karl
245 0 _aCapital
260 _aMoscow
_bProgress Publishers Moscow
_c1974
300 _a767p
_ccm.
490 _vVol. 4
942 _hX:3M24, L4.1
_cTEXL
_2CC
999 _c1151605
_d1151605